TOWARDS THE EDGE OF THE UNIVERSE : (Registro nro. 42817)
[ vista simple ]
| 000 -LEADER | |
|---|---|
| fixed length control field | 01080nam a2200205 a 4500 |
| 001 - CONTROL NUMBER | |
| control field | 42817 |
| 005 - DATE AND TIME OF LATEST TRANSACTION | |
| control field | 20180714021132.0 |
| 008 - FIXED-LENGTH DATA ELEMENTS--GENERAL INFORMATION | |
| fixed length control field | 140415s1999 enk 000 0 eng d |
| 020 ## - INTERNATIONAL STANDARD BOOK NUMBER | |
| International Standard Book Number | 1852330988 |
| 041 ## - LANGUAGE CODE | |
| Language code of text/sound track or separate title | eng |
| 082 ## - DEWEY DECIMAL CLASSIFICATION NUMBER | |
| Classification number | 523.1 |
| Item number | CLA |
| 100 1# - MAIN ENTRY--PERSONAL NAME | |
| Personal name | CLARK, STUART |
| 245 10 - TITLE STATEMENT | |
| Title | TOWARDS THE EDGE OF THE UNIVERSE : |
| Remainder of title | A REVIEW OF MODERN COSMOLOGY : 2ND EDITION |
| 250 ## - EDITION STATEMENT | |
| Edition statement | 2a ed. |
| 260 ## - PUBLICATION, DISTRIBUTION, ETC. | |
| Place of publication, distribution, etc. | REINO UNIDO : |
| Name of publisher, distributor, etc. | SPRINGER, |
| Date of publication, distribution, etc. | 1999 |
| 300 ## - PHYSICAL DESCRIPTION | |
| Extent | 275 |
| Dimensions | x 17 x 24 |
| 490 ## - SERIES STATEMENT | |
| Series statement | SPRINGER - PRAXIS SERIES IN ASTRONOMY AND ASTROPHYSICS |
| 520 ## - SUMMARY, ETC. | |
| Summary, etc. | EN ESTE LIBRO HABLA ACERCA DE LA COSMOLOGIA: QUE ES UN EXITANTE MOVIMIENTO RAPIDO EN EL CAMPO DE ESTUDIO. CONTIENE NUEVOS CAPITULOS SOBRE LA ARQUITECTURA DE LA MATERIA Y LA GRAN ESCALA DE LA ESTRUCTURA DEL UNIVERSO, QUE HA SIDO INTERENSANTE. TRATA TAMBIEN DE OTROS TOPICOS, INCLUYENDO UNA GAMA DE MISTERIOS SOBRE EL RAYO BUSTERS, Y LOS DESCUBRIMIENTOS QUE LA EXPANSION DEL UNIVERSO ESTA ACELERANDO. EL CAPITULO INCLUYE INFORMACION DE GALAXIAS, COMO UNA REVELACION CIENTIFICA OBTENIDA DESDE |
| 650 14 - SUBJECT ADDED ENTRY--TOPICAL TERM | |
| Topical term or geographic name entry element | COSMOLOGIA |
| Withdrawn status | Lost status | Source of classification or shelving scheme | Damaged status | Not for loan | Collection code | Home library | Current library | Shelving location | Date acquired | Source of acquisition | Inventory number | Total Checkouts | Full call number | Barcode | Date last seen | Price effective from | Koha item type |
|---|---|---|---|---|---|---|---|---|---|---|---|---|---|---|---|---|---|
| Dewey Decimal Classification | General | Biblioteca Karol Wojtyla | Biblioteca Karol Wojtyla | Sala general | 03/12/2013 | Compra | 151000000000000000034459 | 523.1 CLA | 64549 | 05/01/2026 | 03/12/2013 | Libro |